000 01259nam a22002177a 4500
003 URS
005 20250521182912.0
008 250521b |||||||| |||| 00| 0 eng d
020 _a9789715845922 (pbk.)
040 _bEnglish
_cURS
_erda
050 _aKPM1079
_b.D34s 2007
100 _aDe Belen, Rustico T.
_eauthor.
245 _aSignificant laws, rules and regulations, and standards in nursing practice /
_cRustico T. De Belen.
260 _aQuezon City
_bC&E Publishing,
_c©2007.
300 _axvi, 590 pages :
_billustrations ;
_c22 cm.
504 _aIncludes bibliographical references and index.
505 _a Part I Introduction to nursing law, jurisprudence, and professional ethics: Nursing law, jurisprudence and ethics: an overview -- Part II Legal bases of nursing education, nursing regulation, and nursing practice: Nursing education -- Nursing regulation -- Nursing practice -- Part III Law and jurisprudence in the nursing profession: Nursing law and jurisprudence -- Jurisprudence in nursing practice -- Part IV Professional ethics and standards in nursing: Principles in nursing ethics -- Ethics and standards in nursing.
650 0 _aNursing
_vLaw and legislation.
700 _aDe Belen, Donna Vivian V.
_eauthor.
942 _2lcc
_cF
999 _c82936
_d82935